BIBLIOTECA

SENCICO

Levantamientos y controles topográficos para el mapeo y explotación minera mediante túneles o socavones y a cielo abierto, con equipos GPS y estaciones totales / (Registro nro. 4244)

Detalles MARC
000 -LEADER
fixed length control field 01169nam a22002657a 4500
003 - CONTROL NUMBER IDENTIFIER
control field PE SENCICO BE
005 - DATE AND TIME OF LATEST TRANSACTION
control field 20251020182640.0
008 - FIXED-LENGTH DATA ELEMENTS--GENERAL INFORMATION
fixed length control field 230711b |||||||| |||| 00| 0 eng d
040 ## - CATALOGING SOURCE
Original cataloging agency PE SENCICO BE
Transcribing agency PE SENCICO BE
041 ## - LANGUAGE CODE
Language code of text/sound track or separate title spa
084 ## - OTHER CLASSIFICATION NUMBER
Classification number I
-- TOP
-- 2016
Item number C93
100 1# - MAIN ENTRY--PERSONAL NAME
9 (RLIN) 1236
Personal name Chumpitaz Pardo, Richard Alexis
Relator term autor
245 1# - TITLE STATEMENT
Title Levantamientos y controles topográficos para el mapeo y explotación minera mediante túneles o socavones y a cielo abierto, con equipos GPS y estaciones totales /
Statement of responsibility, etc. Richard Alexis Chumpitaz Pardo
260 ## - PUBLICATION, DISTRIBUTION, ETC.
Place of publication, distribution, etc. Lima :
Date of publication, distribution, etc. 2016
300 ## - PHYSICAL DESCRIPTION
Extent 52 h. :
Other physical details diagrs., tabls. ;
Dimensions 29 cm.
502 ## - DISSERTATION NOTE
Dissertation note Monografía de Titulación.-- Servicio Nacional de Capacitación para la Industria de la Construcción. Escuela Superior Técnica. Carrera Profesional Técnica en Topografía y Geodesía, 2016.
504 ## - BIBLIOGRAPHY, ETC. NOTE
Bibliography, etc. note Bibliografía: h. 52
650 14 - SUBJECT ADDED ENTRY--TOPICAL TERM
9 (RLIN) 4
Topical term or geographic name entry element Topografía
650 24 - SUBJECT ADDED ENTRY--TOPICAL TERM
9 (RLIN) 116
Topical term or geographic name entry element Levantamiento topográfico
650 24 - SUBJECT ADDED ENTRY--TOPICAL TERM
9 (RLIN) 911
Topical term or geographic name entry element GPS
650 24 - SUBJECT ADDED ENTRY--TOPICAL TERM
9 (RLIN) 1210
Topical term or geographic name entry element Minería
710 1# - ADDED ENTRY--CORPORATE NAME
Corporate name or jurisdiction name as entry element Servicio Nacional de Capacitación para la Industria de la Construcción.
Subordinate unit Escuela Superior Técnica
9 (RLIN) 1065
910 ## - USER-OPTION DATA (OCLC)
-- hfp
-- hfp
942 ## - ADDED ENTRY ELEMENTS (KOHA)
Koha item type Monografía de Titulación
Existencias
Fecha de la última vez que lo usaron Número de ingreso o de inventario Pago total Signatura topográfica completa Precio efectivo desde Tipo de documento Estado perdido Estado dañado No es para préstamo Retirado Ubicación permanente Ubicación actual Fecha de adquisición
11/07/2023 I-00083   I/TOP/2016/C93 11/07/2023 Monografía de Titulación         Biblioteca Central Lima Biblioteca Central Lima 11/07/2023